| 000 | 00000nam##2200000za#4500 |
| 001 | 9.698816 |
| 003 | CaOODSP |
| 005 | 20241203113638 |
| 007 | cr ||||||||||| |
| 008 | 150407|2008||||xxc|||||o f|0| 0 eng|d |
| 040 | |aCaOODSP|beng |
| 043 | |an-cn--- |
| 086 | 1 |aEn88-8/2008E-PDF |
| 110 | 1 |aCanada. |bEnvironment Canada. |
| 245 | 14|aThe air quality health index : |h[electronic resource]|bfrequently asked questions |
| 260 | |aOttawa - Ontario : |bEnvironment Canada |c[2008]. |
| 300 | |a11p.|bcoloured figs., table |
| 590 | |a14-08-Supp|b2014-04-10 |
| 690 | 07|aAir pollution|2gcpds |
| 690 | 07|aAir quality|2gcpds |
| 690 | 07|aHealth impact|2gcpds |
| 775 | 08|tCote air santé : |w(CaOODSP)9.642898 |
| 856 | 40|ahttp://publications.gc.ca|qPDF|s1014 KB|uhttps://publications.gc.ca/collections/collection_2014/ec/En88-8-2008-eng.pdf |